Регионална библиотека "Любен Каравелов" - Русе

Романтиците (Запис номер 326524)

MARC детайли
000 -Лидер
Контролно поле с фиксирана дължина 01339nam a2200349 a 4500
003 - Код на организацията, давaща контролен номер
Контролно поле BLK
005 - Дата и час на последна редакция
Контролно поле 20240927124947.0
008 - Елементи от данни с фиксирана дължина
fixed length control field 181122b bu ||||| |||| 00| 0 bu d
020 ## - Международен стандартен номер на книга ISBN
Международен стандартен номер на книга ISBN 9789542617648
040 ## - Източник на каталожния запис
Идентификатор на билиотеката - собственик на записа BLK
041 ## - Код за език
Код за езика на текст/звукозапис или на отделно заглавие Български
Код за езика КДБФ Български
080 ## - УДК
Текстов определител УДК Американска литература (на САЩ)
УДК код - определител по УДК 821.111(73)
УДК - код + определител 821.111(73)-1
100 1# - Редна дума - Автор
Автор Леа Конън
Авторска отговорност първи автор
R(LIN) 1299
139 ## - Редно поле
Редна дума Леа Конън
Авторски знак Кон - К 81
240 ## - Унифицирано заглавие
Унифицирано заглавие The romantics
245 ## - Сведения за заглавието
Заглавие Романтиците
Подзаглавни данни романтична тийн комедия, разказана от любовта
260 ## - Област на издателските данни
9 (RLIN) 209439
Място на издаване, разпространение и проч. Пловдив
Име на издателя, разпространителя и проч. Хермес
Година на издаване 2018 г.
Печатница "Алианс Принт" ЕООД
Издателство - префикс ISBN 978-954-26- ; 978-954-459-
300 ## - Физическа характеристика
Страници 320 с.
Размери/Мащаб 20 см
380 ## - Жанр
Жанр Худож. лит.
500 ## - Общи забележки
Забележка Ориг. загл.: The romantics / Leah Konen
650 #7 - Допълнително описание по предмет – тема
9 (RLIN) 169685
Основно описание – тема или топоним Роман
653 #7 - Ключова дума – ненормативна
9 (RLIN) 195726
Ключова дума романтика
653 #7 - Ключова дума – ненормативна
9 (RLIN) 188901
Ключова дума комедии
653 #7 - Ключова дума – ненормативна
9 (RLIN) 198349
Ключова дума тийнейджъри
700 ## - Други автори (авторска отговорност)
9 (RLIN) 1311
Лично име Ивелина Дервишева
Автороска отговорност (Описва отношението между автора и произведението) ред.
700 ## - Други автори (авторска отговорност)
9 (RLIN) 390420
Лично име Ана Цанкова
Автороска отговорност (Описва отношението между автора и произведението) кор.
700 ## - Други автори (авторска отговорност)
9 (RLIN) 390420
Лично име Атанаска Парпулева
Автороска отговорност (Описва отношението между автора и произведението) кор.
852 ## - Местоположение
Форматна сигнатура Цб 291819
999 ## - СИСТЕМНИ КОНТРОЛНИ НОМЕРА
Koha biblionumber 326524
Koha biblioitemnumber 326524
942 ## - АРТИКУЛИ
Вид на библиотечния материал Книги
Скрит в OPAC Не
Koha issues (borrowed), all copies 20
944 ## - СЪЗДАВАНЕ И РЕДАКЦИЯ на ЗАПИСА
Създаване/Редакция Създаване
Дата на регистрацията/редакция 2018-11-22
Служител, извършил регистрацията/редакцията 30530
Статус, дата на статуса Минев Младен
999 ## - СИСТЕМНИ КОНТРОЛНИ НОМЕРА
Koha biblioitemnumber 326524
Наличности
Код за отписване Код за изгубен артикул Източник на класификационната схема Код за повреда Коз за рестрикции Код за отдаване Артикулен № Име на библиотеката - собственик Име на библиотеката, в която се намира в момента Статус (Текущо местоположение) Дата на вписване в системата Местоположение - отдел Цена в лева Инвентарен номер Систематично азбучна сигнатура Баркод Цена в евро Служебен тип на артикула
  Не е изгубен Universal Decimal Classification Не е повреден без рестрикции заемане за дома 676740 Регионална библиотека "Любен Каравелов" Русе Регионална библиотека "Любен Каравелов" Русе Заемна - подръчен фонд 2018-05-21 Заемна - подръчен фонд 11.96 120000820578 П 820(73)-31/К 84 120000820578 6.12 Книги
  Не е изгубен Universal Decimal Classification Не е повреден   заемане за дома 678268 Регионална библиотека "Любен Каравелов" Русе Регионална библиотека "Любен Каравелов" Русе Заемна - подръчен фонд 2018-07-06 Заемна - подръчен фонд 11.96 120000821824 П 820(73)-31/К 84 120000821824 6.12 Книги
  Не е изгубен Universal Decimal Classification Не е повреден без рестрикции ползва се в читалня 682603 Регионална библиотека "Любен Каравелов" Русе Регионална библиотека "Любен Каравелов" Русе Хранилище 2018-11-22 Хранилище 15.95   Цб 291819 120000825775 8.16 Книги
Vip Innovations Ltd, Rousse, Bulgaria 2025